Mystery Categories #3 - Statistics

General Stats
  • This quiz has been taken 1,924 times
  • The average score is 17 of 30
Answer Stats
Hint Answer % Correct
otor Root
98%
lema Meal
91%
edla Deal
90%
epesd Speed
90%
arye Year
87%
souhe House
86%
rldwo World
86%
nnoio Onion
84%
aftr Raft
84%
cnhi Inch
82%
aekjct Jacket
73%
accoh Coach
67%
murnbe Number
58%
wcshti Switch
58%
netrnal Lantern
53%
gitweh Weight
53%
CATEGORY 3 LIGHT
52%
CATEGORY 5 LIFE
45%
CATEGORY 1 SQUARE
42%
erbte Beret
34%
iruxeft Fixture
34%
eeenctns Sentence
31%
easrele Release
30%
CATEGORY 2 GREEN
29%
oprupts Support
29%
nutinmoa Mountain
26%
CATEGORY 4 NEW
22%
gdlnean England
17%
orneitrf Frontier
17%
asttmnete Testament
12%
No matching quizzes found
Score Distribution
Percent of People with Each Score
Percentile by Number Answered
Your Score History
You have not taken this quiz